1384 1120 1414 1770 1969 1389 1924 1607 1064 1465 1861 1306 1171 1773 1850 1021 1227 1224 1574 1811 1789 1303 1990 1069 1258 1531 1959 1082 1654 1290 1064 1736 1452 1934 1954 1570 1944 1454 1784 1986 1057 1161 1355 1145 1097 1511 1747 1454 1208 1226 1131 1904 1669 1007 1882 1495 1511 1956 1899 1874 1536 1159 1633 1482 1001 1002 1504 1207 1264 1626 1208 1084 1777 1585 1140 1673 1844 1959 1445 1318 1148 1579 1225 1826 1001 1635 1573 1929 1760 1026 1972 1576 1530 1292 1976 1422 1930 1777 1787 BCNSPRNW ULIB Ver.6.0+V

เปลี่ยนเป็นภาษาไทย

Change to English
 แสดงรายละเอียดบรรณานุกรม
  กลับหน้าหลัก

Brief Record : Get Marc (ISO 2709) : E-mail record : QR code < ปิดหน้าต่าง
LEADER : 00000nam 2200000uu 4500
001    13399120230
003     ULIB
008    120917s2548||||th 000 0 tha d
020    ^a9789740866428
060  4 ^aQS4^bว365ก 2548
100 0  ^aริชาร์ด วอล์คเกอร์
245 10 ^aร่างกายของมนุษย์ การก่อกำเนิดชีวิต /^cแฟรงคลิน วัตต์ส
246 32 ^aมนุษย์สืบพันธุ์และเติบโตได้อย่างไร
250    ^aพิมพ์ครั้งที่ 1
260    ^aกรุงเทพฯ :^bไทยวัฒนาพานิช,^c2548
945    ^p0^l0^i24796
995    ^aกัณชพร
999    ^aใช้งานได้ทุกระบบ
รายการนี้ยังไม่มีแท็ก
คุณยังไม่ได้ล็อกอิน คุณสามารถมีกิจกรรมร่วมกับเว็บไซต์ได้ แต่ต้องล็อกอินก่อน ::
  ล็อกอิน

รายการสื่อสารสนเทศ

ลำดับที่ ประเภท เลขเรียก/บาร์โค้ด สถานที่ สถานะ
1. วิทยาศาสตร์การแพทย์ และสุขภาพ
วิทยาศาสตร์การแพทย์ และสุขภาพ
QS4 ว365ก 2548  
  Barcode: 24796
ห้องสมุดวิทยาเขตสวรรค์ประชารักษ์
►หนังสือทั่วไป
บนชั้น

รายการใกล้เคียง
    ผู้แต่ง [ริชาร์ด วอล์คเกอร์]

BibComment


ยังไม่เคยถูกคอมเมนท์

คอมเมนท์ทรัพยากรรายการนี้
  คอมเมนท์: ร่างกายของมนุษย์..


 Copyright 2026. Bcnsprnw @Library